NLSUI OPAC header image

God does not play dice : The fulfilment of Einstein's Quest for law and order in nature (Record no. 26601)

MARC details
000 -LEADER
fixed length control field 01121nam a2200253Ia 4500
003 - CONTROL NUMBER IDENTIFIER
control field OSt
005 - DATE AND TIME OF LATEST TRANSACTION
control field 20260105062357.0
008 - FIXED-LENGTH DATA ELEMENTS--GENERAL INFORMATION
fixed length control field 160316s2008 xxu||||| |||| 00| 0 eng d
020 ## - INTERNATIONAL STANDARD BOOK NUMBER
International Standard Book Number 9788122310153
020 ## - INTERNATIONAL STANDARD BOOK NUMBER
International Standard Book Number 812231015X
040 ## - CATALOGING SOURCE
Transcribing agency nls
082 ## - DEWEY DECIMAL CLASSIFICATION NUMBER
Classification number 340.1 SHI
100 ## - MAIN ENTRY--PERSONAL NAME
Personal name Shiang David A
245 ## - TITLE STATEMENT
Title God does not play dice : The fulfilment of Einstein's Quest for law and order in nature
260 ## - PUBLICATION, DISTRIBUTION, ETC.
Place of publication, distribution, etc. Delhi :
Name of publisher, distributor, etc. Pustak Mahal ;
Date of publication, distribution, etc. 2008
300 ## - PHYSICAL DESCRIPTION
Extent 133p
365 ## - TRADE PRICE
Price amount Rs. 195
505 ## - FORMATTED CONTENTS NOTE
Formatted contents note Contents:<br/>Forward I;<br/>1. Introduction 1;<br/>2. Beginning the Journey 7;<br/>3. A Certain World Beyond Science 19;<br/>4 The Solution to the Free Will Problem 27;<br/>5. Cracking Nature's Code of Law and Order 45;<br/>6. Quantum Leaps of Faith 65;<br/>7. Sagan's Baloney Detection Kit Applied 83;<br/>8. Why Darwinism is Defunct 105;<br/>Appendix A;<br/>Observations on the Direction of Time 111;<br/>Appendix B;<br/>Einstein, God, and the Number One Musketeer 115;<br/>Notes 119;<br/>Index 119;<br/>Acknowledgements 133;<br/>
650 ## - SUBJECT ADDED ENTRY--TOPICAL TERM
Topical term or geographic name entry element Natural Law
650 ## - SUBJECT ADDED ENTRY--TOPICAL TERM
Topical term or geographic name entry element Legal Principle
650 ## - SUBJECT ADDED ENTRY--TOPICAL TERM
Topical term or geographic name entry element Natural Principles
700 ## - ADDED ENTRY--PERSONAL NAME
Personal name
--
942 ## - ADDED ENTRY ELEMENTS (KOHA)
Source of classification or shelving scheme Dewey Decimal Classification
Koha item type BOOKs
Holdings
Withdrawn status Lost status Damaged status Not for loan Home library Current library Shelving location Date acquired Cost, normal purchase price Total Checkouts Full call number Barcode Date last seen Price effective from Koha item type
        . . Library Compactors 30.05.2017 195.00   340.1 SHI 23418 30.05.2017 30.05.2017 BOOKs